[Event "Vojvodina-chT"]
[Site "Kac"]
[Date "2016.11.15"]
[Round "1.4"]
[White "Djordjevic, Mitar"]
[Black "Rajin, Milan"]
[Result "1-0"]
[WhiteElo "2152"]
[BlackElo "1995"]
[PlyCount "91"]
[EventDate "2016.11.15"]
[EventType "team-tourn"]
[EventRounds "11"]
[EventCountry "SRB"]
[SourceTitle "CBM 175 Extra"]
[Source "ChessBase"]
[SourceDate "2016.12.12"]
[SourceVersion "1"]
[SourceVersionDate "2016.12.12"]
[SourceQuality "1"]
[WhiteTeam "Sloga"]
[BlackTeam "Bora Ivkov"]
[WhiteTeamCountry "SRB"]
[BlackTeamCountry "SRB"]

1. d4 d6 2. Nf3 b6 3. e4 g6 4. Nc3 Bg7 5. Bb5+ Bd7 6. Bc4 Nc6 7. 0-0 Na5 8. Ba6 Nf6 9. e5 Ng4 10. h3 Nh6 11. Bg5 0-0 12. Qd2 Nf5 13. g4 f6 14. Bf4 fxe5 15. dxe5 Bc6 16. gxf5 Bxf3 17. f6 exf6 18. exd6 Qd7 19. Kh2 g5 20. dxc7 Qf5 21. Bg3 h5 22. Qd3 Qxd3 23. cxd3 Bb7 24. Bxb7 Nxb7 25. Nb5 h4 26. Bd6 Rfc8 27. Be7 a6 28. Nd6 Rxc7 29. Nf5 Kf7 30. Ba3 Rd8 31. Rfd1 Kg6 32. Ne7+ Kf7 33. Nf5 Bf8 34. Bxf8 Kxf8 35. Rac1 Rdc8 36. Rxc7 Rxc7 37. Rd2 Kf7 38. d4 Ke6 39. Ne3 Nd6 40. f3 Nf5 41. d5+ Kd6 42. Nxf5+ Ke5 43. d6 Rd7 44. Ne7 f5 45. Nc6+ Kf4 46. Nb8 1-0